00701nam a2200205 i 450000100060000000300090000600500170001500700030003200800410003508000330007610000210010924501160013026000400024630000560028654600380034260000360038065500400041671000170045685200220047345036ES-MaACL20230906161136.0t|030325s1987 sp a |||| | cat d a75 Clavé, Antoni (083.824)1 aClavé, Antoni.11a"Retorn del Japó", 1986, 1987 b: Sala Gaspar, Barcelona, maig-juny 1987 : [exposición] / cAntoni Clavé. aBarcelona : bSala Gaspar, c[1987] a[82] p. : bprincipalmente il. col. y n. ; c29 cm. aTextos en catalán y castellano.14aClavé, Antoni-vExposiciones. 72tgfbneaCatálogos de exposiciones2 aSala Gaspar. aES-MaACLjG-14560